Isla Negra / (Record no. 82845)

MARC details
000 -LEADER
campo de control de longitud fija 01048cam a2200313Mi 4500
001 - NÚMERO DE CONTROL
campo de control 82338
005 - FECHA Y HORA DE LA ÚLTIMA TRANSACCIÓN
campo de control 20230410130925.0
008 - DATOS DE LONGITUD FIJA--INFORMACIÓN GENERAL
campo de control de longitud fija 000101s1994 cl 000 0 spa d
035 ## - NÚMERO DE CONTROL DEL SISTEMA
Número de control de sistema (OCoLC)ocn254176391
040 ## - FUENTE DE CATALOGACIÓN
Centro catalogador/agencia de origen GyGoGBV
Normas de descripción rakwb
Lengua de catalogación ger
Centro/agencia transcriptor GBVCP
020 ## - NÚMERO INTERNACIONAL ESTÁNDAR DEL LIBRO
Número Internacional Estándar del Libro 956734602X
020 ## - NÚMERO INTERNACIONAL ESTÁNDAR DEL LIBRO
Número Internacional Estándar del Libro 9789567346028
024 8# - IDENTIFICADOR DE OTROS ESTÁNDARES
Número estándar o código SPKT180155
035 ## - NÚMERO DE CONTROL DEL SISTEMA
Número de control de sistema (OCoLC)254176391
049 ## - FONDOS LOCALES (OCLC)
Biblioteca depositaria GRAL
050 14 - SIGNATURA TOPOGRÁFICA DE LA BIBLIOTECA DEL CONGRESO
Número de clasificación PQ 8097
Número de ítem N454i 1994
100 1# - ENTRADA PRINCIPAL--NOMBRE DE PERSONA
Nombre de persona Neruda, Pablo,
Fechas asociadas al nombre 1904-1973.
245 10 - MENCIÓN DEL TÍTULO
Título Isla Negra /
Mención de responsabilidad, etc. Pablo Neruda ; fotografías, Antonio Larrea.
260 ## - PUBLICACIÓN, DISTRIBUCIÓN, ETC.
Lugar de publicación, distribución, etc. [Santiago, Chile] :
Nombre del editor, distribuidor, etc. Pehuén :
-- Editorial Los Andes,
Fecha de publicación, distribución, etc. [1994].
300 ## - DESCRIPCIÓN FÍSICA
Extensión 92 p. :
Otras características físicas col. ill. ;
Dimensiones 25 cm.
500 ## - NOTA GENERAL
Nota general Brief selections from Neruda's writings are juxtaposed with photographs of the author's home.
600 10 - PUNTO DE ACCESO ADICIONAL DE MATERIA--NOMBRE DE PERSONA
Nombre de persona Neruda, Pablo,
Fechas asociadas al nombre 1904-1973
Subdivisión general Homes and haunts
Subdivisión geográfica Chile
-- Negra Island
Subdivisión general Pictorial works.
651 #0 - PUNTO DE ACCESO ADICIONAL DE MATERIA--NOMBRE GEOGRÁFICO
Nombre geográfico Negra Island (Chile)
Subdivisión general Pictorial works.
650 #4 - PUNTO DE ACCESO ADICIONAL DE MATERIA--TÉRMINO DE MATERIA
Término de materia o nombre geográfico como elemento de entrada Poesía chilena.
700 1# - ENTRADA AGREGADA--NOMBRE PERSONAL
Nombre de persona Larrea, Antonio.
942 ## - ELEMENTOS DE ENTRADA SECUNDARIOS (KOHA)
Fuente del sistema de clasificación o colocación Clasificación de Library of Congress
Tipo de ítem Koha
994 ## -
-- C0
-- DRFGD
946 ## - PROCESAMIENTO DE INFORMACIÓN LOCAL (OCLC)
a kk
Holdings
Estatus retirado Estado de pérdida Fuente del sistema de clasificación o colocación Estado de daño No para préstamo Colección Biblioteca de origen Biblioteca actual Ubicación en estantería Fecha de adquisición Serial enumeration / chronology Signatura topográfica completa Código de barras Visto por última vez Copia número Tipo de ítem Koha
    Clasificación de Library of Congress     Humanidades Biblioteca Juan Bosch Biblioteca Juan Bosch Humanidades (4to. Piso) 10/04/2023 1 PQ 8097 N454i 1994 00000074750 25/10/2018 1